It looks like you're offline.
Open Library logo
additional options menu

MARC Record from Library of Congress

Record ID marc_loc_2016/BooksAll.2016.part28.utf8:133451307:601
Source Library of Congress
Download Link /show-records/marc_loc_2016/BooksAll.2016.part28.utf8:133451307:601?format=raw

LEADER: 00601cam a22001817a 4500
001 99510961
003 DLC
005 20010327165557.0
008 991021s1969 fr 000 0 fre
010 $a 99510961
020 $a2221006682
040 $aDLC$cDLC$dDLC
050 00 $aMLCM 2001/01114 (H)
100 1 $aCharrière, Henri,$d1906-1973.
245 10 $aPapillon :$brécit /$cprésenté par Jean-Pierre Castelnau ; Papillon ou la littérature orale par Jean-François Revel.
260 $aParis :$bEditions Robert Laffont,$cc1969.
300 $a516 p. :$b1 map ;$c24 cm.
700 1 $aCastelnau, Jean-Pierre.